|
|
|
|
| LEADER |
00000cam a2200000 7i4500 |
| 001 |
0000004227 |
| 002 |
000004544 |
| 005 |
20000330.0 |
| 020 |
|
|
|a 0091748666
|
| 090 |
0 |
0 |
|a 796.6
|b BUL
|
| 100 |
1 |
|
|a Bull, Andy
|
| 245 |
1 |
0 |
|a Climb every Mountain :
|b the mountain bike way
|c Andy Bull
|
| 260 |
|
|
|a London :
|b Stauley Paul ,
|c 1991
|
| 300 |
|
|
|a 128 p. :
|b ill. ;
|c 25 cm.
|
| 650 |
0 |
0 |
|a All terrain cycling
|
| 650 |
0 |
0 |
|a Bicycle trails
|x Guidebooks
|
| 650 |
0 |
0 |
|a Cycling
|
| 999 |
|
|
|a 031237
|b BUKU
|c PINJAMAN
|e PERPUSTAKAAN KOMUNITI PETALING JAYA
|
| 999 |
|
|
|a 031238
|b BUKU
|c PINJAMAN
|e PERPUSTAKAAN KOMUNITI PETALING JAYA
|